• 首页
  • 本馆介绍
  • 公告通知
  • 最新文献
  • 馆藏检索
  • 电子资源
  • 读者导购
  • 参考咨询
  • 我的图书馆
  • 登录
  • 详细信息显示
  • 放入我的书架
  • 预约/预借图书
  • 作者相关作品
  • 分类相关作品
  • 丛书相关作品
  • 出版社相关作品

书目信息

  • 表格格式
  • 工作单格式
  • 卡片格式
题名:
怎样油漆木器家具
    
 
作者: 宋桂森 著
分册:  
出版信息: 太原   山西人民出版社  1981.12
页数: 47
开本: 32
丛书名:
单 册:
中图分类: TS959.3
科图分类:
主题词:
电子资源:
ISBN:
000 00456nam0 2200169 45
001 0181011472
005 20060511104755.50
010    @dCNY0.18
100    @a20810111d km y0chiy0120 ea
101 0  @achi
200 1  @a怎样油漆木器家具@Azen yang you qi mu qi jia ju@f宋桂森等著@Fsong gui sen
210    @a太原@c山西人民出版社@d1981.12
215    @a47@c无图表@d32
690    @aTS959.3
701 0  @a宋桂森@4著
801    @aCN@bTSTC@c20060511
905    @dTS959.3@e14
    
    怎样油漆木器家具/宋桂森等著.-太原:山西人民出版社,1981.12
    47:无图表;32
    
    
    ISBN :CNY0.18
    
●
相关链接 在E读中查询图书 在五车中查询图书 在当当中查询图书 在豆瓣中查询图书


正题名:怎样油漆木器家具     索取号:TS959.3/14         预约/预借

序号 登录号 条形码 馆藏地/架位号 状态 备注
1 0068579   202324449   密集书库/ [索取号:TS959.3/14] 在馆    
2 0068580   202324412   密集书库/ [索取号:TS959.3/14] 在馆    
唐山师范学院图书馆 欢迎您!
大连网信软件有限公司© 版权所有